000
00304nam a2200145Ia 4500
100
_a
Kyrnin/Jennifer
942
_c
BK
366
_f
20
654
_a
Bootstrap
245
_a
Teach yourself Bootstrap 24 hours
260
_b
Pearson Education
_c
2016
300
_a
420
546
_a
ENGLISH
999
_c
23012
_d
23012